| 000 | 00599nam a22001817a 4500 | ||
|---|---|---|---|
| 008 | 120823t xxu||||| |||| 00| 0 eng d | ||
| 020 | _a9780073251301 | ||
| 050 | _aHG4026.C643 | ||
| 100 | _aRoss, Stephen A. | ||
| 245 |
_aReady notes for use with essentials of corporate finance. / _cStephen A. Ross, Randolph W. Westerfield and Jordan D. Bradford / |
||
| 250 | _a5th ed. | ||
| 260 |
_aBoston: _bMcGraw Hill, _cc2007. |
||
| 300 |
_avarious pagings: _c27cm. |
||
| 650 | _bReady notes - Corporate finance | ||
| 700 | _aWesterfield, Randolph W. | ||
| 700 | _aJordan, Bradford D. | ||
| 942 |
_2lcc _cBK |
||
| 999 |
_c2137 _d9637 |
||